000 00655nam a22001937a 4500
005 20170713114444.0
010 _aENG-119163
020 _a9788175417854
_c160.00
035 _aEN-102695
037 _bDBAD/PUB
082 _a379.0082095414
100 _aDhandapatm,Asis Kumar
245 _aEducation gender stereotyping and development /
_cby Asis Kumar Danadapat
260 _aDelhi
_bShipra Publications
_c2015
270 _aLG-18-19,Pankaj Central Market,I.P.Ext.Patparganj
_bDelhi
_e110092
300 _avii,158p.
_c23cm(pbk)
500 _aIncludes bibliographical references and index
942 _2ddc
_cEN
_h379.0082095414
_mDAN
999 _c142498
_d142498